| 000 | 01612nam a22002177a 4500 | ||
|---|---|---|---|
| 999 |
_c62496 _d62496 |
||
| 003 | Ge_BSU | ||
| 005 | 20241118120243.0 | ||
| 008 | 241118s2009 ge ||||| |||| 00| 0 geo d | ||
| 041 | _ageo | ||
| 080 | _a159.9 ბ-52 | ||
| 100 |
_aბერიძე, რუსუდან _92272 |
||
| 245 |
_aკონფლიქტის გადაჭრის სტრატეგიები განსხვავებულ სოციალურ ჯგუფებში (ასაკობრივსა და გენდერულში) : _cრუსუდან ბერიძე; სამეცნიერო ხელ.ლი შოთა ნადირაშვილი; ივ. ჯავახიშვილის სახ. თბილისის სახელმწიფო უნივერსიტეტის სოციალურ და პოლიტიკურ მეცნიერებათა ფაკულტეტი. |
||
| 264 |
_aთბილისი, _c2009. |
||
| 300 | _a124 გვ. | ||
| 653 | _aფილოსოფია | ||
| 653 | _aფსიქოლოგია | ||
| 653 | _aდისერტაცია | ||
| 700 |
_aნადირაშვილი, შოთა _eსამეცნიერო ხელ.ლი _9747 |
||
| 710 |
_aივ. ჯავახიშვილის სახ. თბილისის სახელმწიფო უნივერსიტეტის სოციალურ და პოლიტიკურ მეცნიერებათა ფაკულტეტი _923725 |
||
| 942 |
_2udc _cDS |
||